000 00265nam a2200121 i 4500
001 bg
245 0 _aMembrane phenomena and processes.
260 _aWrocław,
_c1986.
040 _cBPK
041 _apol
942 _cKS
008 s pl f |000 0 pol
999 _c23244
_d23244
856 _uhttp://koha.tu.koszalin.pl/cgi-bin/koha/opac-detail.pl?biblionumber=23244
_yKatalog online BPK